| 000 | 01134nam a2200325 i 4500 | ||
|---|---|---|---|
| 001 | bg | ||
| 003 | BPK | ||
| 005 | 20250722063911.0 | ||
| 008 | 000228s2000 pl a f f |000 0 pol | ||
| 015 | _aPB 2000/3725 | ||
| 020 | _a830112475X | ||
| 040 |
_aWA N _cBPK |
||
| 041 | 0 | _apol | |
| 080 | _a339.138 | ||
| 080 | _a(075.8) | ||
| 100 | 1 |
_aDomański, Tomasz _d(1953- ) _eAutor |
|
| 245 | 1 | 0 |
_aMarketing dla menedżerów / _cTomasz Domański, Paweł Kowalski ; Fundacja Edukacyjna Przedsiębiorczości. |
| 250 | _aWyd. 2. | ||
| 260 |
_aWarszawa ; _aŁódź : _bWydaw. Naukowe PWN, _c2000. |
||
| 300 |
_a359, [3] s. : _bil. ; _c21 cm. |
||
| 490 | 1 | _aPrzedsiębiorczość | |
| 655 | 4 | _aPodręczniki akademickie | |
| 650 | 4 | _aMarketing | |
| 700 | 1 |
_aKowalski, Paweł _c(nauki ekonomiczne). |
|
| 710 | 2 |
_aWydawnictwo Naukowe PWN _4pbl. |
|
| 710 | 2 | _aFundacja Edukacyjna Przedsiębiorczości | |
| 856 |
_uhttp://koha.tu.koszalin.pl/cgi-bin/koha/opac-detail.pl?biblionumber=45437 _yKatalog online BPK |
||
| 830 | 0 | _aPrzedsiębiorczość (PWN) | |
| 942 |
_2UKD _cKS |
||
| 999 |
_c45437 _d45437 |
||